| 000 | 00711nam a2200229 i 4500 | ||
|---|---|---|---|
| 001 | 28046 | ||
| 003 | ES-MaACL | ||
| 005 | 20230906153742.0 | ||
| 007 | t| | ||
| 008 | 030116s1978 sp ||||1| spa d | ||
| 100 | 1 |
_aBandura, Albert. _925187 |
|
| 245 | 1 | 0 |
_aAprendizaje social y desarrollo de la personalidad / _cAlbert Bandura y Richard H. Walters ; versión... de Angel Rivière. |
| 250 | _a[3ª ed.]. | ||
| 260 |
_aMadrid : _bAlianza, _c[1978] |
||
| 300 |
_a293 p. ; _c20 cm. |
||
| 490 | 1 | _aAlianza universidad | |
| 700 | 1 |
_aWalters, Richard H. _9116016 |
|
| 700 | 1 |
_aRivière, Angel. _997729 |
|
| 830 | 0 |
_aAlianza universidad _9177276 |
|
| 852 |
_aES-MaACL _jA-10213 _bR.98644 |
||
| 999 |
_c28046 _d28046 |
||